000 00553nam a2200217Ia 4500
001 1794
005 20240113233515.0
007 ta
008 050211s1840 a g b000 u eng u
040 _aRef.Stack
041 _aeng
082 _a651.452
_bSi 21 Re
100 _aSleeman, Major .
245 0 _aReport on the Depredations /
_cMajor Sleeman.
_hReports
260 _aCalcutta :
_bG.h.Hutman ,
_c1840.
300 _a529p. :
_bill ;
_c21cm. .
653 _aReport - Depredations
942 _2ddc
_cBK
999 _c1789
_d1789